000 00499nam a22001937a 4500
003 OSt
005 20140310181705.0
008 121121t xxu||||| |||| 00| 0 eng d
020 _a0006470386
050 _aPZ 7
_b.M478 1989
082 _aKF
_bM76q 1991
100 _aMcHugh, Fiona
_95048
245 _aQuarantine at Alexander Abraham's /
_cMcHugh, Fiona
260 _aCanada
_bHarperCollins Ltd.
_cc1991.
300 _a124 p.
_b19cm.
541 _j1
562 _e1
942 _2lcc
_cBK-KF
_kKF
999 _c1311
_d1311